Normal view
MARC view
- Bajwa, Sadaf Farooq
Entry Personal Name
001 - CONTROL NUMBER
- control field: 19204
003 - CONTROL NUMBER IDENTIFIER
- control field: NUST
005 - DATE AND TIME OF LATEST TRANSACTION
- control field: 20190808074250.0
008 - FIXED-LENGTH DATA ELEMENTS
- fixed length control field: 190808|| aca||aabn | a|a d
040 ## - CATALOGING SOURCE
- Original cataloging agency: NUST
- Transcribing agency: NUST
100 ## - HEADING--PERSONAL NAME
- Personal name: Bajwa, Sadaf Farooq
670 ## - SOURCE DATA FOUND
- Source citation: Work cat.: (NUST): Bajwa, Sadaf Farooq, IMPACT OF STORE ATMOSPHERICS ON CONSUMER'S PREFERENCE OF STORE /, 2015.
